00461nam a2200145Ia 4500008004100000020001800041050002100059100002300080245006000103250001300163260003700176300003400213500006100247521000700308140609s9999 xx 000 0 und d a9780078036811 aP 90b.G299 2013 aGamble, Teri Kwal. aCommunication works /cTeri Kwal Gamble, Michael Gamble a11th ed. aNew York :bMcGraw-Hill,cc2013. a512 p. :bcol. ill. ;c26 cm. aIncludes bibliographical references, glossary and index. aGE